Vista normal
Vista MARC
- Calvo, Ana María
Entrada Personal Name
Número de registros utilizados en: 1
001 - CONTROL NUMBER
- control field: 26545
003 - CONTROL NUMBER IDENTIFIER
- control field: OSt
005 - DATE AND TIME OF LATEST TRANSACTION
- control field: 20161012171259.0
008 - FIXED-LENGTH DATA ELEMENTS
- fixed length control field: 161012|| aca||aabn | a|a d
040 ## - CATALOGING SOURCE
- Original cataloging agency: OSt
- Transcribing agency: OSt
100 ## - HEADING--PERSONAL NAME
- Personal name: Calvo, Ana María
670 ## - SOURCE DATA FOUND
- Source citation: Work cat.: (OSt)1480: Sureda, Jaume 26544, Recursos documentales para la ambientalización de la formación profesional en turismo=Documentary resources for the greening of professional training in Tourism